000 01015nam a22002417a 4500
999 _c7390
_d7390
003 AR-CdUCM
008 190320b ||||| |||| 00| 0 spa d
040 _aMUNICIPALIDAD PROVINCIAL DEL CUSCO
_cBIBLIOTECA MUNICIPAL DEL CUSCO
041 _heng
082 _a621.89 /
_bF94
100 _aFuller, Dudley D.
_920829
245 _aTeoría y práctica de la lubricación /
260 _aMadrid :
_bEdiciones Interciencia,
_c1961.
300 _aXIV, 544 páginas ;
_bretrato, figuras, gráficos.
_c22 cm.
505 _aContenido: Principios básicos de viscosidad y movimiento de fluidos -- La viscosidad y sus variables -- Lubricación hidrostática -- Aplastamiento de la película hidrostática -- Lubricación hidrodinámica ...
650 _aLubricación
_920830
650 _aHidrostática, hidrodinámica
_920831
650 _aMateriales para cojinetes
_920832
700 _aCabra Fernández, Aurelio
_920833
700 _aPérez Puga, Juan Luis (traductores)
_920834
942 _2ddc
_cLIBROS
945 _aachl